[Event "Belgrade-chT Quality"]
[Site "Belgrade"]
[Date "2015.11.05"]
[Round "11.5"]
[White "Landup, Darko"]
[Black "Dikic, Veljko"]
[Result "0-1"]
[WhiteElo "2205"]
[BlackElo "1959"]
[PlyCount "78"]
[EventDate "2015.10.03"]
[EventType "team-tourn"]
[EventRounds "11"]
[EventCountry "SRB"]
[SourceTitle "EXT 2018"]
[Source "ChessBase"]
[SourceDate "2017.10.13"]
[SourceVersion "1"]
[SourceVersionDate "2017.10.13"]
[SourceQuality "1"]

1. e4 d6 2. d4 Nf6 3. Nc3 e5 4. Nf3 Nbd7 5. Bc4 Be7 6. 0-0 0-0 7. h3 c6 8. a4 a5 9. Be3 h6 10. Qe2 Qc7 11. Rad1 exd4 12. Nxd4 Nc5 13. Qf3 Ncd7 14. Nf5 Ne5 15. Nxe7+ Qxe7 16. Qe2 Nxc4 17. Qxc4 Re8 18. Rd4 Be6 19. Qd3 c5 20. Rxd6 Bc4 21. Qxc4 Qxd6 22. f4 Nxe4 23. Rd1 Qc6 24. Nd5 b6 25. f5 Nf6 26. Bf4 Nxd5 27. Rxd5 Rad8 28. Rxd8 Rxd8 29. c3 Qd5 30. Qxd5 Rxd5 31. Bc7 Rxf5 32. Bxb6 c4 33. g4 Rd5 34. Bd4 Rd7 35. Bb6 Rb7 36. Bxa5 Rxb2 37. Bc7 Rb3 38. a5 Ra3 39. Kf2 Rxc3 0-1

[Event "Belgrade-chT Quality"]
[Site "Belgrade"]
[Date "2015.11.02"]
[Round "8"]
[White "Matovic, Sasa"]
[Black "Landup, Darko"]
[Result "1/2-1/2"]
[WhiteElo "2217"]
[BlackElo "2205"]
[PlyCount "120"]
[EventDate "2015.10.03"]
[EventType "team-tourn"]
[EventRounds "11"]
[EventCountry "SRB"]
[SourceTitle "EXT 2018"]
[Source "ChessBase"]
[SourceDate "2017.10.13"]
[SourceVersion "1"]
[SourceVersionDate "2017.10.13"]
[SourceQuality "1"]

1. d4 Nf6 2. c4 g6 3. Nc3 Bg7 4. e4 d6 5. f3 0-0 6. Be3 Nc6 7. Nge2 a6 8. Qd2 Rb8 9. h4 h5 10. Bh6 b5 11. g4 e5 12. 0-0-0 bxc4 13. d5 Nd4 14. Bxg7 Nxe2+ 15. Bxe2 Kxg7 16. g5 Nd7 17. Bxc4 Nc5 18. b3 Bd7 19. Kc2 Qe7 20. a3 a5 21. Rb1 f6 22. gxf6+ Qxf6 23. Rbf1 Qf4 24. Qxf4 Rxf4 25. Nb1 c6 26. Nd2 cxd5 27. Bxd5 Be6 28. Bxe6 Nxe6 29. Rh3 Rff8 30. Kb2 Rfc8 31. Rhh1 Nc5 32. Ka2 Nd3 33. Kb1 Rc3 34. f4 Nxf4 35. Rc1 Rd3 36. Rc7+ Kf6 37. Kc2 Rg3 38. Rf1 Rg2 39. Kc3 Ke6 40. Nf3 Rf8 41. b4 axb4+ 42. axb4 Rf7 43. Rxf7 Kxf7 44. b5 Ke7 45. Kb4 Ra2 46. b6 Kd7 47. Kb5 Ne6 48. Rc1 Rb2+ 49. Ka5 Rb3 50. Nd2 Rb2 51. Nc4 Rb3 52. Nd2 Ra3+ 53. Kb4 Ra2 54. Nb3 Ra8 55. Na5 Nc5 56. Kb5 Rg8 57. Nb7 Ne6 58. Na5 Nd4+ 59. Kb4 Rc8 60. Rf1 Nc6+ 1/2-1/2